[Event "Leitersdorf op"]
[Site "Leitersdorf"]
[Date "2016.01.04"]
[Round "3"]
[White "Wiener, Alexander"]
[Black "Scherz, Marco"]
[Result "1-0"]
[WhiteElo "1861"]
[BlackElo "1629"]
[PlyCount "93"]
[EventDate "2016.01.02"]
[EventType "swiss"]
[EventRounds "5"]
[EventCountry "AUT"]
[SourceTitle "CBM 170 Extra"]
[Source "ChessBase"]
[SourceDate "2016.02.25"]
[SourceVersion "1"]
[SourceVersionDate "2016.02.25"]
[SourceQuality "1"]

1. e4 e6 2. d4 d5 3. Nc3 c6 4. a3 Be7 5. Nf3 Nf6 6. Bd3 c5 7. exd5 cxd4 8. Bb5+ Bd7 9. Nxd4 Bxb5 10. Ndxb5 a6 11. d6 axb5 12. dxe7 Qxd1+ 13. Nxd1 Kxe7 14. 0-0 Nc6 15. Be3 Nd5 16. Bc5+ Kd7 17. f4 b6 18. Bf2 Nxf4 19. Nc3 b4 20. Rad1+ Ke8 21. axb4 Nxb4 22. Nb5 Ra5 23. Nc7+ Ke7 24. Bh4+ g5 25. Rxf4 gxh4 26. Rxb4 Rc5 27. Nb5 Rxc2 28. Nd4 Rd8 29. Rxb6 Ke8 30. Rb8 Rxb8 31. Nxc2 Rxb2 32. Ne1 Ke7 33. h3 Rb4 34. Ra1 Kf6 35. Nd3 Rd4 36. Nf2 h5 37. Ra5 e5 38. Ra6+ Kg5 39. Ra8 f5 40. Kf1 Rd6 41. Ke2 e4 42. Ke3 Re6 43. Rg8+ Rg6 44. Rxg6+ Kxg6 45. Kf4 Kf6 46. Nd1 Kg6 47. Ne3 1-0